000 00769nam a22002057a 4500
003 UPN
005 20230329130115.0
008 230316s2013 mx ||||| |||| 00| 0 spa d
040 _aMX-MxUPN
_bspa
_cMX-MxUPN
050 4 _aLE7 M19
_bU55 2014
110 2 _aUniversidad Autónoma de Yucatán
_920011
245 1 0 _aInforme de la gestión, 2013
246 _aInforme de actividades 2013
260 _aMérida, Yucatán, México :
_bUniversidad Autónoma de Yucatán,
_c2014.
300 _a193 páginas :
_bilustraciones, fotografías a color, gráficas, tablas +
_e1 CD-ROM
500 _aEl disco compacto contiene la versión extensa del Informe
610 2 2 _aUniversidad Autónoma de Yucatán
_vInformes
_920012
902 _aNoemiAcosta/160323
942 _2lcc
_cLIBRO
999 _c209348
_d209348